Pays les plus proches de Mexico - Mort subite - Statistiques

Statistiques générales
  • Ce quiz a été pris 92 fois
  • Le résultat moyen est 6 sur 15
Answers on the Grid
Answers color-coded by a green-red scale on the quiz's grid according to % correct below.
États-Unis
Belize
Guatemala
Honduras
Cuba
El Salvador
Nicaragua
Costa Rica
Colombie
Jamaïque
Bahamas
Panama
Haïti
République dominicaine
Équateur
Canada
Pérou
Brésil
Antigua-et-Barbuda
Saint-Vincent-et-les-Grenadines
Venezuela
Suriname
Guyane
Bolivie
Uruguay
Tuvalu
Tonga
Nouvelle-Zélande
Mauritanie
Portugal
 
Statistiques - réponses
Réponse % Correct
États-Unis
69%
Cuba
62%
Nicaragua
54%
Guatemala
50%
Panama
50%
Belize
46%
Costa Rica
46%
El Salvador
38%
Haïti
38%
Honduras
38%
République dominicaine
38%
Bahamas
27%
Colombie
23%
Jamaïque
23%
Équateur
4%
Aucun quiz correspondant
Distribution des résultats
% des personnes avec chaque résultat
Percentile par nombre de réponses
Votre historique - résultats
Vous n’avez pas pris ce quiz